Plan de desarrollo agropecuario 1965 1980: síntesis
Wedi'i Gadw mewn:
| Awdur Corfforaethol: | |
|---|---|
| Fformat: | Llyfr |
| Iaith: | Sbaeneg |
| Cyhoeddwyd: |
Santiago
ODEPA
1968
|
| Pynciau: | |
| Tagiau: |
Ychwanegu Tag
Dim Tagiau, Byddwch y cyntaf i dagio'r cofnod hwn!
|
MARC
| LEADER | 00000nam a2200000 a 4500 | ||
|---|---|---|---|
| 001 | UCT7706 | ||
| 003 | CL-VaPUC | ||
| 008 | 970317e19680000CL |||||||||||||||||spa|d | ||
| 082 | 0 | 4 | |a 338.18 |b MIN |2 21 |
| 110 | 2 | |a Ministerio de Agricultura |e author |9 378734 | |
| 245 | 1 | 0 | |a Plan de desarrollo agropecuario 1965 1980: síntesis |
| 300 | |a 117 p | ||
| 942 | |c BK | ||
| 945 | |d 19970317 00:00:00 |a nastorga | ||
| 260 | |a Santiago |b ODEPA |c 1968 | ||
| 650 | 0 | |a Agricultura |9 255598 | |
| 650 | 0 | |a Producción agrícola |9 353481 | |
| 650 | 7 | |a PRODUCCION ALIMENTARIA |2 CL-VaPUC |9 341875 | |
| 650 | 0 | |a Comercio exterior |9 257617 | |
| 650 | 0 | |a Inversiones |9 345867 | |
| 650 | 0 | |a Comercialización |9 259326 | |
| 650 | 0 | |a Aspectos económicos |9 255165 | |
| 650 | 0 | |a Aspectos sociales |9 254894 | |
| 650 | 0 | |a Oferta y demanda |9 255571 | |
| 650 | 0 | |a Alimentos |9 256203 | |
| 650 | 0 | |a Consumo |9 333893 | |
| 650 | 0 | |a Recursos naturales |9 255232 | |
| 650 | 7 | |a FINANCIAMIENTO |2 CL-VaPUC |9 358995 | |
| 583 | |a last modification |c 19970317 00:00:00 |k Rodrigo Vera | ||
| 999 | |c 256254 |d 256252 | ||
| 952 | |0 0 |1 0 |4 0 |6 338_180000000000000_MIN_1968 |7 0 |8 A |9 278909 |a BIBDER |b BIBDER |d 2019-11-19 |i 1810065 |o 338.18 MIN 1968 |p 1810065 |r 2023-01-25 |w 2019-11-19 |y BK |k DER | ||